000 00472nam a2200181Ia 4500
005 20250508155855.0
008 008 250505s9999 xx 000 0 hin d
037 _aTextual
040 _aFEDL
_beng
_cFEDL
041 _ahin
_2hin
084 _aFH, SAX
_qFEDL
100 _aSaxsena Shambhudayal
_9767745
245 0 _aBab bete ki kahani
260 _aBikaner, India
_bBal Mandir
300 _a57p.
942 _cTEXL
_hFH, SAX
999 _c1359774
_d1359774